Guess the South American Country - Statistics

General Stats
  • This quiz has been taken 43 times
  • The average score is 4 of 5
Answer Stats
Hint Country % Correct
I am the only other Dutch speaking country besides the Netherlands Suriname
97%
I am home to the Southernmost airport in the world Argentina
92%
I am the last country alphabetically Venezuela
90%
I have the lowest homicide rate Chile
79%
I am the least visited country by international tourists Guyana
79%
No matching quizzes found
Score Distribution
Percent of People with Each Score
Percentile by Number Answered
Your Score History
You have not taken this quiz